Sobre el uso alternativo del derecho
Պահպանված է:
| Հիմնական հեղինակներ: | , , |
|---|---|
| Ձևաչափ: | Գիրք |
| Լեզու: | իսպաներեն |
| Հրապարակվել է: |
Valencia
Fernando Torres
1978
|
| Շարք: | Interdisciplinar, 2
|
| Խորագրեր: | |
| Ցուցիչներ: |
Ավելացրեք ցուցիչ
Չկան պիտակներ, Եղեք առաջինը, ով նշում է այս գրառումը!
|
MARC
| LEADER | 00000nam a2200000 a 4500 | ||
|---|---|---|---|
| 001 | UCS9715 | ||
| 003 | CL-VaPUC | ||
| 008 | 971121e19780000SP |||||||||||||||||spa|d | ||
| 082 | 0 | 4 | |a 340.1 |b LOP |2 21 |
| 100 | |a López Calera, Nicolás María |e autor |9 487227 | ||
| 700 | 0 | |a Saavedra López, Modesto |e author |9 394996 | |
| 700 | |a Ibáñez, Perfecto Andrés |e author |9 462181 | ||
| 245 | 1 | 0 | |a Sobre el uso alternativo del derecho |
| 300 | |a 93 p | ||
| 942 | |c BK | ||
| 945 | |d 19971121 00:00:00 |a cmena | ||
| 260 | |a Valencia |b Fernando Torres |c 1978 | ||
| 650 | 0 | |a Filosofía del derecho |9 255050 | |
| 650 | 0 | |a Teoría del derecho |9 255982 | |
| 650 | 0 | |a Derecho y política |9 257017 | |
| 650 | 0 | |a Justicia |9 255408 | |
| 650 | 0 | |a Democracia |9 255256 | |
| 650 | 0 | |a Derecho civil |9 255013 | |
| 650 | 0 | |a Interpretación de la ley |9 257376 | |
| 650 | 0 | |a Derecho español |9 255291 | |
| 583 | |a last modification |c 19971121 00:00:00 |k Rodrigo Vera | ||
| 490 | 0 | |a Interdisciplinar, 2 | |
| 999 | |c 263476 |d 263474 | ||
| 952 | |0 0 |1 0 |4 0 |6 340_100000000000000_LOP_1978 |7 0 |8 DER_TF |9 292800 |a BIBDER |b BIBDER |d 2019-11-19 |i 1904981 |o 340.1 LOP 1978 |p 1904981 |r 2019-11-19 |w 2019-11-19 |x Ubicación 4to Piso |y BK |z Estos recursos deben solicitarse con anticipación |k DER | ||